LEADER 01538nam a2200337 u 4500 001 000000001150 003 CaOOAMICUS 005 20070226104300.0 008 940513s1989 it u000 u ita u 020 $a8820715481 035 $a10026196 040 $aPUL(R)$bita 041 1 $aita$hger 100 1 $aBerschin, Walter,$d1937-$0(OLS)http://pul/name/1307 240 10$aGriechisch-lateinisches Mittelalter : von Hieronymus zu Nikolaus von Kues.$lItaliano.$0(OLS)http://pul/title/1709 245 10$aMedioevo greco-latino :$bda Gerolamo a Niccolò Cusano /$cWalter Berchin ; edizione italiana a cura di Enrico Livrea. 260 $aNapoli :$bLiguori Editore,$c1989. 300 $axv, 392 p., c. di tav. :$btav. (pt. facs., pt. mus.), c. geogr. ;$c22 cm 490 1 $aNuovo Medioevo, ;$v33 504 $aBibliografia: p. 345-373. 650 4$aMedioevo$xCultura.$0(OLS)http://pul/subject/1289 650 4$aMedioevo$xCiviltà.$0(OLS)http://pul/subject/756 700 1 $aLivrea, Enrico.$0(OLS)http://pul/name/1308 830 0$aNuovo Medioevo,$x0391-6049 ;$v33.$0(OLS)http://pul/title/338 850 $aPUL 852 $aPUL$W1$xSL Filosofia 1$y2$m110(1) E 33$j1492$nBK-PRI$b $qStampati$B1492$CPULBib$Z2$F1492 $H $81 941 1 $a8 961 $aINV: 69531 996 $6020$a8820715481$9(OLS)http://pul/number/1538 996 $6245$aMedioevo greco-latino :$bda Gerolamo a Niccolò Cusano$9(OLS)http://pul/title/1710 996 $6260$aNapoli :$bLiguori Editore$9(OLS)http://pul/publisher/48569 LEADER 01157nam a2200277 u 4500 001 000000039806 003 CaOOAMICUS 005 20070226114031.0 008 980520q1985 it u000 u ita u 035 $a10795336 040 $aPUL(R)$bita 100 1 $aNocera, Guglielmo.$0(OLS)http://pul/name/11568 245 10$aXII tavole e laicizzazione del diritto /$cGuglielmo Nocera. 260 $a[Perugia] :$bUniversità degli studi di Perugia,$c[1985?] 300 $aP. [405]-419 ;$c24 cm 500 $aEstr. da: Raccolta di scritti in memoria di Raffaele Moschella. 504 $aBibliografia in nota. 650 4$aDiritto romano.$0(OLS)http://pul/subject/382 850 $aPUL 852 $aPUL$W1$xDP1 Miscellanee$y10$mMisc.Lombardi.125(int.18)$j54193$nBK-PRI$b $qStampati Miscellanee$B54193$CPULBib$Z2$F54193 $H $81 941 1 $a17 960 $aRoman law$9382 960 $aRoman law$9382 961 $aINV: Legato con altri volumi. 996 $6245$aXII tavole e laicizzazione del diritto$9(OLS)http://pul/title/53853 996 $6260$a[Perugia] :$bUniversità degli studi di Perugia$9(OLS)http://pul/publisher/64160